000 00612nam a2200181 4500
999 _c189823
_d189823
005 20220713154654.0
010 _aENG-133516
020 _a9789382730439
_c1395.00
035 _aEN-117048
037 _bDBAD/PUB
082 _a658.05
100 _aDeshmukh. Rajesh M.
245 _aComputer Application in Business/
_cRajesh M. Deshmukh
260 _aKanpur
_bGarima Prakashan
_c2018
270 _bKanpur
_a1st Floor, Mayur Park, Basant Vihar Naubasta
_e208021
_k9415200654
_l9506294444
_mgarima.prakashan@gmail.com
300 _aviii; 336p.
_c22cm. (hbk)
_bill
942 _2ddc
_cEN
_h658.08
_mDES